Retorno a las bases (Registro nro. 22888)

Detalles MARC
000 -LEADER
fixed length control field 00300 a2200109 4500
001 - CONTROL NUMBER
control field ART_46587
005 - DATE AND TIME OF LATEST TRANSACTION
control field 20260410161827.0
008 - FIXED-LENGTH DATA ELEMENTS--GENERAL INFORMATION
fixed length control field 260409a
100 1# - MAIN ENTRY--PERSONAL NAME
Personal name Fulponi, Juan Ignacio
245 10 - TITLE STATEMENT
Title Retorno a las bases
773 0# - HOST ITEM ENTRY
Title FACES
Related parts - Año 22, Nº 47 (jul./dic. 2016)
Record control number REV5046

No hay ítems disponibles.